Logistics and supply chain management (Record no. 148)
[ view plain ]
| 000 -LEADER | |
|---|---|
| fixed length control field | 00348nam a22001337a 4500 |
| 008 - FIXED-LENGTH DATA ELEMENTS--GENERAL INFORMATION | |
| fixed length control field | 150423b xxu||||| |||| 00| 0 eng d |
| 082 ## - DEWEY DECIMAL CLASSIFICATION NUMBER | |
| Edition number | 21st |
| Classification number | 005. |
| 100 ## - MAIN ENTRY--PERSONAL NAME | |
| 9 (RLIN) | 155 |
| Personal name | Jauch, Lawrence R. |
| 245 ## - TITLE STATEMENT | |
| Title | Logistics and supply chain management |
| 260 ## - PUBLICATION, DISTRIBUTION, ETC. (IMPRINT) | |
| Name of publisher, distributor, etc. | Financial Time |
| Date of publication, distribution, etc. | c |
| 300 ## - PHYSICAL DESCRIPTION | |
| Extent | 100p. |
| 700 ## - ADDED ENTRY--PERSONAL NAME | |
| 9 (RLIN) | 156 |
| Personal name | Glueck, William F. |
| 942 ## - ADDED ENTRY ELEMENTS (KOHA) | |
| Source of classification or shelving scheme | |
| Koha item type | Books |
| Withdrawn status | Lost status | Source of classification or shelving scheme | Damaged status | Not for loan | Permanent location | Current location | Date acquired | Inventory number | Total Checkouts | Full call number | Date last seen | Price effective from |
|---|---|---|---|---|---|---|---|---|---|---|---|---|
| Bangladesh University of Business and Technology Library | Bangladesh University of Business and Technology Library | 04/23/2015 | 453 | 658 | 04/23/2015 | 04/23/2015 |
